El christiano instruido en su ley, discursos morales, y doctrinales (Record no. 8153)
[ view plain ]
| 000 -CABECERA | |
|---|---|
| campo de control de longitud fija | 02220nam a2200313 a 4500 |
| 001 - NÚMERO DE CONTROL | |
| campo de control | BRCA_8486 |
| 003 - IDENTIFICADOR DEL NÚMERO DE CONTROL | |
| campo de control | FranzMayer |
| 005 - FECHA Y HORA DE LA ÚLTIMA TRANSACCIÓN | |
| campo de control | 20230724102130.0 |
| 008 - DATOS DE LONGITUD FIJA--INFORMACIÓN GENERAL | |
| campo de control de longitud fija | 060416s1733----sp-#######---#000-0#spa-# |
| 040 ## - FUENTE DE LA CATALOGACIÓN | |
| Centro catalogador/agencia de origen | MFM |
| Lengua de catalogación | esp |
| Centro/agencia transcriptor | MFM |
| 041 ## - CÓDIGO DE LENGUA | |
| Código de lengua del texto/banda sonora o título independiente | spa |
| 044 ## - CÓDIGO DEL PAÍS DE LA ENTIDAD EDITORA/PRODUCTORA | |
| Código MARC del país | sp |
| 084 ## - OTRO NÚMERO DE CLASIFICACIÓN | |
| Número de clasificación | BE1 |
| Número de documento/Ítem | .S46 1733 |
| 100 1# - ENTRADA PRINCIPAL--NOMBRE DE PERSONA | |
| Nombre de persona | Señeri, Pablo, |
| Fechas asociadas al nombre | 1624-1694 |
| 9 (RLIN) | 21265 |
| 245 10 - MENCIÓN DE TÍTULO | |
| Título | El christiano instruido en su ley, discursos morales, y doctrinales |
| Mención de responsabilidad, etc. | dados a luz en lengua toscana, por Pablo Señeri ; y traducidos en idioma castellano, por Don Juan de Espinola Baeza Echaburu. |
| 260 ## - PUBLICACIÓN, DISTRIBUCIÓN, ETC. | |
| Lugar de publicación, distribución, etc. | Madrid |
| Nombre del editor, distribuidor, etc. | En la Imprenta de Alonso Balvas |
| Fecha de publicación, distribución, etc. | 1733 |
| 300 ## - DESCRIPCIÓN FÍSICA | |
| Extensión | 396 p. (t.3) |
| Dimensiones | 21 x 15 cm. |
| 500 ## - NOTA GENERAL | |
| Nota general | En portada : El christiano instruido en su ley, discursos morales, y doctrinales. Dados a luz en lengua toscana, por el reverendissimo Padre Pablo Señeri, de la Compañia de Jesús, predicador de Nuestro Santissimo Padre Inocencio XII y traducidos en idioma castellano, por Don Juan de Espinola Baeza Echaburu. Dedicado al señor Don Bartolome de Flon y Morales, Conde de la Cadena, &c. |
| 500 ## - NOTA GENERAL | |
| Nota general | Es una obra muy útil para todo género de personas, doctas, e indoctas, llena de todo género de erudición sagrada y profana. Corregido y enmendado en esta última impresión |
| 500 ## - NOTA GENERAL | |
| Nota general | Con marca de fuego : ´Procedencia de la marca: Convento de San Francisco de Querétaro(1). Institución: Orden de Frailes Menores. Provincia de San Pedro y San Pablo de Michoacán. Descripción: Monograma conformado por las letras iniciales S[an] F[rancisco] D[e] Q[uerétar]o. Observaciones: David Saavedra la asigna a la Academia de Dibujo de San Fernando de Querétaro. Ubicación de la marca en el libro: Canto superior, inferior y lateral´ |
| 500 ## - NOTA GENERAL | |
| Nota general | Estado físico : todas las hojas manchadas, carece de una cinta y la otra esta rota |
| 500 ## - NOTA GENERAL | |
| Nota general | Edición con cantos decorados |
| 650 14 - PUNTO DE ACCESO ADICIONAL DE MATERIA--TÉRMINO DE MATERIA | |
| Término de materia o nombre geográfico como elemento de entrada | Vida cristiana |
| Subdivisión cronológica | Obras anteriores a 1800 |
| 9 (RLIN) | 21266 |
| 650 14 - PUNTO DE ACCESO ADICIONAL DE MATERIA--TÉRMINO DE MATERIA | |
| Término de materia o nombre geográfico como elemento de entrada | Salvación |
| Subdivisión cronológica | Obras anteriores a 1800 |
| 9 (RLIN) | 21267 |
| 700 1# - PUNTO DE ACCESO ADICIONAL--NOMBRE DE PERSONA | |
| Nombre de persona | Espinola Baeza Echaburu, Juan de |
| Término indicativo de función/relación | tr. |
| 9 (RLIN) | 21268 |
| 856 ## - LOCALIZACIÓN Y ACCESO ELECTRÓNICOS | |
| Nombre del host | http://www.marcasdefuego.buap.mx:8180/xmLibris/projects/firebrand/item.jsp?repository=marcas_de_fuego&key=520e29d1.xml&num=16 |
| 902 ## - CATALOGADOR | |
| Iniciales | CFM |
| 942 ## - ELEMENTOS DE PUNTO DE ACCESO ADICIONAL (KOHA) | |
| Fuente del sistema de clasificación o colocación | Library of Congress Classification |
| Tipo de ítem Koha | Libros |
| Estado de retiro | Estado de pérdida | Fuente del sistema de clasificación o colocación | Estado dañado | No para préstamo | Código de colección | Localización permanente | Ubicación/localización actual | Fecha de adquisición | Fuente de adquisición | Total de préstamos | Signatura topográfica completa | Código de barras | Fecha visto por última vez | Precio válido a partir de | Tipo de ítem Koha |
|---|---|---|---|---|---|---|---|---|---|---|---|---|---|---|---|
| El ejemplar forma parte de la colección y puede ser consultado según las políticas vigentes. | Library of Congress Classification | Conventual Franz Mayer | Biblioteca del Museo Franz Mayer (Rogerio Casas-Alatriste) | Biblioteca del Museo Franz Mayer (Rogerio Casas-Alatriste) | 01/04/2016 | Donación | BE1 .S46 1733 | CFM00001 | 22/03/2019 | 22/03/2019 | Libros |